000 01290nam a2200385 c 4500
001 23706
003 ES-MaCES
005 20141221122847.0
008 110412s2011 sp t 000 | spa d
017 _aAB 7-2011
_bDL
020 _a9788415000204
035 _aCES20110003047m
040 _aES-MaCES
_bspa
_cES-MaCES
100 1 _aLópez Gandía, Juan
_916894
245 1 3 _aLa incapacidad permanente
_b: acción protectora, calificación y revisión
_cJuan López Gandía, Mª José Romero Rodenas
250 _a1ª ed
260 _aAlbacete
_bBomarzo
_c2011
300 _a137 p.
_c21 cm
490 1 _aBásicos de Derecho social
_v55
504 _aBibliografía: p. 89-91
541 _cCompra
650 4 _adiscapacidad permanente
_929675
650 4 _adiscapacidad profesional
_929684
650 4 _aprestaciones de invalidez
_927036
650 4 _arégimen de pensión
_927042
650 4 _alegislación de seguridad social
_929855
650 4 _aEspaña
_926964
650 4 _arégimen jurídico
_929894
653 1 0 _aDerecho del trabajo y Seguridad Social
700 1 _aRomero Ródenas, María José
_922592
830 0 _aBásicos de Derecho social
_v55
_933978
902 _aLIB Libro
942 _2CES
_cBK
_h6.0.1.
999 _c23706
_d23706